[Event "Omsk-ch"]
[Site "Omsk"]
[Date "2010.03.02"]
[Round "7"]
[White "Artemiev, Vladislav"]
[Black "Boichuk, Alexei"]
[Result "1/2-1/2"]
[WhiteElo "2229"]
[BlackElo "2144"]
[PlyCount "171"]
[EventDate "2010.02.20"]
[EventType "swiss"]
[EventRounds "11"]
[EventCountry "RUS"]
[SourceTitle "CBM 135 Extra"]
[Source "ChessBase"]
[SourceDate "2010.05.04"]
[SourceVersion "1"]
[SourceVersionDate "2010.05.04"]
[SourceQuality "1"]

1. e4 e5 2. Nf3 Nc6 3. Bb5 a6 4. Ba4 Nf6 5. 0-0 Be7 6. Re1 b5 7. Bb3 d6 8. c3 0-0 9. h3 Na5 10. Bc2 c5 11. d4 Qc7 12. Nbd2 Bd7 13. Nf1 Rfe8 14. Ne3 g6 15. b3 Bc6 16. d5 Bd7 17. Nh2 Kg7 18. Qf3 Ng8 19. g4 Nb7 20. Kh1 f6 21. Rg1 Kh8 22. Nhf1 Bf8 23. Ng3 Bh6 24. h4 Rf8 25. Nef1 Bxc1 26. Rxc1 Qd8 27. Ne3 Rf7 28. Rg2 Qf8 29. Rh2 Ne7 30. Rg1 Rg7 31. Ne2 Kg8 32. Qg3 Nd8 33. f4 Nf7 34. Rf2 Ra7 35. Rgf1 Qc8 36. fxe5 fxe5 37. Rf6 Be8 38. g5 Kh8 39. Ng4 Ng8 40. R6f2 Re7 41. Kh2 a5 42. Nf6 h5 43. Nc1 b4 44. Bd1 Bb5 45. Rg1 Ra7 46. c4 Be8 47. Bf3 a4 48. Bg2 axb3 49. axb3 Bd7 50. Rgf1 Nd8 51. Nd3 Ra3 52. Nc1 Nb7 53. Qe3 Na5 54. Qd3 Bg4 55. Qb1 Nxf6 56. gxf6 Rf7 57. Qc2 Qg8 58. Bh3 Bxh3 59. Kxh3 Qc8+ 60. Kh2 Qg4 61. Rf3 Qxh4+ 62. Rh3 Qg4 63. Rg3 Qh4+ 64. Rh3 Qg5 65. Rg3 Qh4+ 66. Rh3 Qg5 67. Rg3 Qh6 68. Qg2 Kh7 69. Qh3 Ra1 70. Qe6 Qf8 71. Rgf3 Rb1 72. Kg2 Rb2+ 73. Kh1 Kg8 74. Rg1 Kh7 75. Rgf1 Rc2 76. Nd3 Rc3 77. Nxe5 dxe5 78. Qxe5 Rxb3 79. Rxb3 Nxb3 80. Qg5 Nd4 81. e5 Nf5 82. Rd1 Nd4 83. Rf1 Nf5 84. Rd1 Nd4 85. Rf1 Nf5 86. Rd1 1/2-1/2

[Event "Omsk City-ch"]
[Site "Omsk"]
[Date "2008.02.10"]
[Round "8"]
[White "Boichuk, Alexei"]
[Black "Karabut, Vladimir"]
[Result "1/2-1/2"]
[WhiteElo "2121"]
[BlackElo "2119"]
[PlyCount "105"]
[EventDate "2008.02.06"]
[EventType "swiss"]
[EventRounds "11"]
[EventCountry "RUS"]
[SourceTitle "EXT 2009"]
[Source "ChessBase"]
[SourceDate "2008.11.26"]
[SourceVersion "1"]
[SourceVersionDate "2008.11.26"]
[SourceQuality "1"]

1. d4 Nf6 2. c4 g6 3. Nc3 Bg7 4. e4 d6 5. Nf3 0-0 6. Be2 e5 7. d5 Na6 8. Bg5 h6 9. Bh4 g5 10. Bg3 Nh5 11. h4 Nxg3 12. fxg3 gxh4 13. Rxh4 f5 14. Bd3 Nc5 15. Bc2 Qf6 16. Qe2 Qg6 17. 0-0-0 fxe4 18. Nxe4 Nxe4 19. Bxe4 Bf5 20. Nd2 Qxg3 21. Rdh1 Qg6 22. g4 Bxe4 23. Nxe4 Rf4 24. Ng3 Raf8 25. Nf5 Qg5 26. Kb1 R8xf5 27. Rh5 Rxg4 28. Rxg5 Rfxg5 29. Rf1 e4 30. Qe3 b6 31. Rf2 h5 32. Kc2 Kh7 33. Qh3 Kg6 34. Re2 Re5 35. Kd2 Bh6+ 36. Kc3 a5 37. b3 Rf5 38. Qh1 Rf3+ 39. Kc2 Rfg3 40. Kb2 Rg1 41. Qh3 e3 42. Rxe3 Bxe3 43. Qxe3 Rf1 44. Qe6+ Rf6 45. Qg8+ Kf5 46. Qh7+ Kg5 47. Qg7+ Rg6 48. Qxc7 h4 49. Qxb6 Rg2+ 50. Ka3 h3 51. Qe3+ Kh4 52. Qf4+ Kh5 53. Qf3+ 1/2-1/2